Metallography : past, present, and future (75th anniversary volume) /

Bibliographic Details
Corporate Author: American Society for Testing and Materials
Other Authors: Vander Voort, George F.
Format: Book
Language:English
Published: Philadelphia : ASTM, [1993]
Series:ASTM special technical publication ; 1165.
Subjects:

MARC

Tag First Indicator Second Indicator Subfields
LEADER 00000cam a22000008a 4500
001 in00001144421
005 20150930094323.0
008 930302s1993 pau b 111 0 eng
010 |a  93014998  
020 |a 0803114842 
035 |a (OCoLC)27770309 
035 |9 AGB2995AM 
040 |a DLC  |c DLC  |d TXA  |d UtOrBLW 
049 |a TXAM 
050 0 0 |a TN689.2  |b .M445 1993 
082 0 0 |a 669/.95  |2 20 
245 0 0 |a Metallography :  |b past, present, and future (75th anniversary volume) /  |c George F. Vander Voort [and others], editors. 
263 |a 9306 
264 1 |a Philadelphia :  |b ASTM,  |c [1993] 
264 4 |c ©1993 
300 |a 453 pages :  |b illustrations  
336 |a text  |b txt  |2 rdacontent 
337 |a unmediated  |b n  |2 rdamedia 
338 |a volume  |b nc  |2 rdacarrier 
490 1 |a STP ;  |v 1165 
500 |a "ASTM publication code number (PCN) 04-011650-23." 
504 |a Includes bibliographical references and indexes. 
650 0 |a Metallography  |v Congresses. 
700 1 |a Vander Voort, George F. 
710 2 |a American Society for Testing and Materials. 
830 0 |a ASTM special technical publication ;  |v 1165. 
999 |a MARS 
999 f f |s 131477ea-f7d8-3676-b4d1-319c13d9b1e0  |i bc096693-8e64-33f0-a5b4-ac5fc874491c  |t 0 
952 f f |p ric  |a Texas A&M University  |b Rellis Campus  |c Joint Library Facility  |d Remote Storage  |t 0  |e TN689.2 .M445 1993  |h Library of Congress classification  |i unmediated -- volume  |m A14817447749 
998 f f |a TN689.2 .M445 1993  |t 0  |l Remote Storage